00524nam a22001817a 4500003000400000008004100004082001700045100001600062245011700078260003900195300001000234502001700244650001300261650002100274650002500295650001100320650001100331OSt260504b |||||||| |||| 00| 0 eng d a633.11bB53S aBinod Kumar aStudies on Nitrogen Managment for Optimising Wheat Production in Kharif Crops-Wheat Sequences / cby Binod Kumar a.- Pusa, Samastipurb: RAUc, 1995 a187p. bPh. D.d1995 aAgronomy aWheat Production aCrop-Wheat Sequences aThesis aPh. D.